ARRUPE JESUIT UNIVERSITY

CORONAVIRUS -STOP THE SPREAD - CLEAN,DISINFECT,COVER

A reading course in Homeric Greek / (Record no. 123482)

MARC details
000 -LEADER
fixed length control field 00976cam a2200289 a 4500
001 - CONTROL NUMBER
control field 4780616
003 - CONTROL NUMBER IDENTIFIER
control field ARRUPE
005 - DATE AND TIME OF LATEST TRANSACTION
control field 20151008124829.0
008 - FIXED-LENGTH DATA ELEMENTS--GENERAL INFORMATION
fixed length control field 861021s1985 ilua b 000 0 eng
010 ## - LIBRARY OF CONGRESS CONTROL NUMBER
LC control number 86216112
020 ## - INTERNATIONAL STANDARD BOOK NUMBER
International Standard Book Number 0829405097 (pbk. : v. 1)
020 ## - INTERNATIONAL STANDARD BOOK NUMBER
International Standard Book Number 0829405208 (pbk. : v. 2)
040 ## - CATALOGING SOURCE
Original cataloging agency DLC
Transcribing agency DLC
Modifying agency DLC
041 0# - LANGUAGE CODE
Language code of text/sound track or separate title enggrc
050 00 - LIBRARY OF CONGRESS CALL NUMBER
Classification number PA4179
Item number .S4 1985
082 00 - DEWEY DECIMAL CLASSIFICATION NUMBER
Classification number 488.2/421
Edition number 19
300 ## - PHYSICAL DESCRIPTION
Other physical details ill. (some col.) ;
Dimensions 28 cm.
100 1# - MAIN ENTRY--PERSONAL NAME
Personal name Schoder, Raymond V.,
Dates associated with a name 1916-1987.
9 (RLIN) 20169
245 12 - TITLE STATEMENT
Title A reading course in Homeric Greek /
Statement of responsibility, etc Raymond V. Schoder, Vincent C. Horrigan ; with photographs by the author.
250 ## - EDITION STATEMENT
Edition statement 2nd ed., rev.
260 ## - PUBLICATION, DISTRIBUTION, ETC. (IMPRINT)
Place of publication, distribution, etc Chicago, Ill. :
Name of publisher, distributor, etc Loyola University Press,
Date of publication, distribution, etc 1985.
300 ## - PHYSICAL DESCRIPTION
Extent xix, 340p.;
504 ## - BIBLIOGRAPHY, ETC. NOTE
Bibliography, etc Bibliography: v. 2, p. 259-263.
650 #0 - SUBJECT ADDED ENTRY--TOPICAL TERM
Topical term or geographic name as entry element Greek language, Homeric
General subdivision Readers
9 (RLIN) 20170
700 1# - ADDED ENTRY--PERSONAL NAME
Personal name Horrigan, Vincent C.
9 (RLIN) 20171
906 ## - LOCAL DATA ELEMENT F, LDF (RLIN)
a 7
b cbc
c orignew
d 2
e ncip
f 19
g y-gencatlg
942 ## - ADDED ENTRY ELEMENTS (KOHA)
Source of classification or shelving scheme Library of Congress Classification
Koha item type Monograph ( Printed materials)
Holdings
Withdrawn status Lost status Source of classification or shelving scheme Damaged status Not for loan Collection code Home library Current library Shelving location Date acquired Total Checkouts Full call number Barcode Date last seen Date checked out Price effective from Koha item type
    Library of Congress Classification     Main Collection ARRUPE LIBRARY ARRUPE LIBRARY Main Collection 08/10/2015 1 PA4179.S4 1985 46500005519 27/03/2019 20/02/2017 08/10/2015 Monograph ( Printed materials)

 

Arrupe Library. PO Box MP320 Mt Pleasant, Harare, Zimbabwe
263 242 745411|librarian@aju.ac.zw